Normal view
MARC view
- Holmes, Oliver Wendell,
Entry Personal Name
001 - CONTROL NUMBER
- control field: 94332
003 - CONTROL NUMBER IDENTIFIER
- control field: NUST
005 - DATE AND TIME OF LATEST TRANSACTION
- control field: 20220721114626.0
008 - FIXED-LENGTH DATA ELEMENTS
- fixed length control field: 220721|| aca||aabn | a|a d
040 ## - CATALOGING SOURCE
- Original cataloging agency: NUST
- Transcribing agency: NUST
100 ## - HEADING--PERSONAL NAME
- Personal name: Holmes, Oliver Wendell,
- Titles and other words associated with a name: Jr.,
- Dates associated with a name: 1841-1935
670 ## - SOURCE DATA FOUND
- Source citation: Work cat.: (NUST)0: Holmes, Oliver Wendell, Jr., 1841-1935., The common law /, 1991.
